[Event "GER-chT U10"]
[Site "Magdeburg"]
[Date "2016.12.29"]
[Round "7.2"]
[White "Schlange, Tamara"]
[Black "Quade, Luca"]
[Result "0-1"]
[WhiteElo "600"]
[BlackElo "911"]
[PlyCount "86"]
[EventDate "2016.12.27"]
[EventType "team-swiss"]
[EventRounds "7"]
[EventCountry "GER"]
[SourceTitle "EXT 2018"]
[Source "ChessBase"]
[SourceDate "2017.10.13"]
[SourceVersion "1"]
[SourceVersionDate "2017.10.13"]
[SourceQuality "1"]
[WhiteTeam "Magdeburg Schachzwerge II"]
[BlackTeam "Schwerin"]
[WhiteTeamCountry "GER"]
[BlackTeamCountry "GER"]

1. e4 e5 2. Nf3 Nc6 3. Bc4 Nf6 4. d3 Bc5 5. 0-0 d6 6. h3 Bd7 7. Bg5 Nd4 8. Nfd2 0-0 9. Nc3 h6 10. Be3 Bb5 11. Nxb5 Nxb5 12. Bxc5 Qd7 13. a4 Nd4 14. c3 Ne6 15. Be3 d5 16. exd5 Nxd5 17. Bxd5 Qxd5 18. Nb3 Nf4 19. Qg4 f5 20. Bxf4 fxg4 21. c4 Qxd3 22. Nc5 Qxc4 23. Be3 gxh3 24. gxh3 Rf6 25. Kg2 Rg6+ 26. Kf3 Qd5+ 27. Ke2 Rf6 28. Rfd1 Qf3+ 29. Kf1 Qxh3+ 30. Ke2 b6 31. Nb3 Qh4 32. Kd2 Rd8+ 33. Kc1 Qc4+ 34. Kb1 Rxd1+ 35. Ka2 Rxa1+ 36. Kxa1 Qxb3 37. Bc1 Rg6 38. f3 Rg1 39. Kb1 Qd3+ 40. Ka2 Rxc1 41. a5 b5 42. a6 b4 43. b3 Qc2# 0-1

[Event "GER-chT U10"]
[Site "Magdeburg"]
[Date "2016.12.27"]
[Round "1.3"]
[White "Schlange, Tamara"]
[Black "Weber, Willi"]
[Result "0-1"]
[WhiteElo "600"]
[BlackElo "924"]
[PlyCount "66"]
[EventDate "2016.12.27"]
[EventType "team-swiss"]
[EventRounds "7"]
[EventCountry "GER"]
[SourceTitle "EXT 2018"]
[Source "ChessBase"]
[SourceDate "2017.10.13"]
[SourceVersion "1"]
[SourceVersionDate "2017.10.13"]
[SourceQuality "1"]
[WhiteTeam "Magdeburg Schachzwerge II"]
[BlackTeam "Magdeburg Schachzwerge"]
[WhiteTeamCountry "GER"]
[BlackTeamCountry "GER"]

1. e4 c5 2. Nf3 Nc6 3. Bb5 d6 4. 0-0 Nf6 5. d3 g6 6. h3 Bg7 7. Nc3 0-0 8. a3 a6 9. Bc4 b5 10. Ba2 b4 11. axb4 cxb4 12. Na4 a5 13. c3 bxc3 14. bxc3 d5 15. Qe1 dxe4 16. dxe4 Nh5 17. Bc4 Ba6 18. Bxa6 Rxa6 19. Nc5 Rb6 20. Be3 Rb8 21. Na6 Rb3 22. Rc1 Ra3 23. Bc5 Rb3 24. Nd4 Nxd4 25. Bxd4 Bxd4 26. cxd4 Qxd4 27. Rd1 Qc4 28. Nc5 Qxc5 29. Qe2 Qg5 30. f3 Ng3 31. Qf2 Nxf1 32. Qxf1 Rb2 33. Qe1 Qxg2# 0-1